000 00550nam a22001577a 4500
005 20250212125536.0
008 250212b |||||||| |||| 00| 0 eng d
010 _a BV4527 .S43 1991
020 _a 0892837144 :
100 _a Sherrer, Quin.
245 _a A Woman's guide to spiritual warfare :
_ba woman's guide for battle /
_cQuin Sherrer and Ruthanne Garlock.
260 _a Ann Arbor, Mich. :
_b Servant Publications,
_c 1991.
300 _a 236 p. ;
_c21 cm.
500 _3Book
_aIncludes bibliographical references (p. 231-232).
942 _2lcc
999 _c45
_d45